000 00467nam a22001697a 4500
005 20251108164242.0
008 250721s1978 xx 000 0 ara d
082 1 4 _a350/عاد
100 1 _aحسن، عادل
245 1 0 _aالإدارة العامة /
264 1 _aبيروت :
_bدار النهضة العربية،
_c1978.
300 _a512ص
650 1 7 _aالإدارة العامة
700 1 _aزهير، مصطفى
942 _2ddc
_cBK
999 _c7497
_d7497